|
|
|
|
| LEADER |
01073nam a2200289 a 4500 |
| 001 |
13503616 |
| 008 |
310112s2004 pk b 001 0 eng d |
| 010 |
|
|
|a 2003344711
|
| 020 |
|
|
|a 0195795717
|
| 040 |
|
|
|a DLC
|c DLC
|d DLC
|d BD-DhAAL
|
| 042 |
|
|
|a lcode
|
| 043 |
|
|
|a a-bg---
|
| 082 |
0 |
0 |
|a 954.9204
|2 22
|
| 100 |
0 |
|
|a Umar, Badruddin
|d 1931-
|
| 245 |
1 |
4 |
|a The emergence of Bangladesh /
|c Badruddin Umar.
|
| 246 |
3 |
0 |
|a Bangladesh
|
| 260 |
|
|
|a Karachi :
|b Oxford University Press,
|c 2004.
|
| 300 |
|
|
|a 2 v. ;
|c 23 cm.
|
| 500 |
|
|
|a Articles appearing first in the weekly Holiday.
|
| 504 |
|
|
|a Includes bibliographical references and indexes.
|
| 541 |
1 |
|
|e 00024354
|
| 651 |
|
0 |
|a Bangladesh
|x Politics and government.
|
| 650 |
|
0 |
|a Social conflict
|z Bangladesh.
|
| 730 |
0 |
|
|a Holiday (Dhaka, Bangladesh)
|
| 852 |
1 |
|
|a Ayesha Abed library
|c General Shelf
|
| 999 |
|
|
|c 11825
|d 11825
|
| 952 |
|
|
|0 0
|1 0
|2 ddc
|4 0
|6 954_920400000000000_UMA
|7 0
|9 19334
|a BRACUL
|b BRACUL
|c GEN
|d 2012-01-31
|e Devlopment Book Agency
|g 1650.00
|l 6
|m 17
|o 954.9204 UMA
|p 3010024354
|r 2025-05-15
|s 2024-12-30
|t 1
|w 2012-01-31
|y BK
|